000 00308nam a22001337a 4500
008 171003b xxu||||| |||| 00| 0 eng d
020 _a076171440
041 _aeng
080 _a159.9
100 _a48
101 _aPSI
245 _aTHINKINK PROBLEM SOLVING COGNITION
_cMAYER..R.E
942 _2udc
_cBK
999 _c31354
_d31354